Nothing to do but to save souls: (Record no. 17162)

000 -LEADER
fixed length control field 00542nam a2200169 a 4500
001 - CONTROL NUMBER
control field :::00020893$&:&@@
003 - CONTROL NUMBER IDENTIFIER
control field OkBaRHE
005 - DATE AND TIME OF LATEST TRANSACTION
control field 20040203191311.0
008 - FIXED-LENGTH DATA ELEMENTS--GENERAL INFORMATION
fixed length control field s1990 j 000 0 eng u
040 ## - CATALOGING SOURCE
Transcribing agency
100 1# - MAIN ENTRY--PERSONAL NAME
Personal name Coleman, Robert E.
245 10 - TITLE STATEMENT
Title Nothing to do but to save souls:
Remainder of title John Wesley's charge to his preachers.
260 ## - PUBLICATION, DISTRIBUTION, ETC. (IMPRINT)
Place of publication, distribution, etc Grand Rapids, MI
Name of publisher, distributor, etc Francis Asbury Press
Date of publication, distribution, etc 1990
300 ## - PHYSICAL DESCRIPTION
Extent 107 p.
942 ## - ADDED ENTRY ELEMENTS (KOHA)
Source of classification or shelving scheme
Koha item type Books
Copies
Withdrawn status Shelving location Price effective from Lost status Damaged status Full call number Permanent Location Copy number Barcode Not for loan Date last seen Source of classification or shelving scheme Date acquired Koha item type
 General Stacks2010-04-14  BV 3790 .C57RHEMA Bible Training College120893 2010-04-14 2010-04-14Books